| 000 | 00545nam a2200193 u 4500 | ||
|---|---|---|---|
| 005 | 20220603063658.0 | ||
| 008 | 080606s1998 r 000 0 eng d | ||
| 020 | _a9802572233 | ||
| 035 | _aUPN01000156628 | ||
| 049 | _aI | ||
| 050 | 4 |
_aPZ7 _bD4.5 |
|
| 100 | 1 |
_aDePaola, Tomie, _d1934- _938791 |
|
| 245 | 1 | 0 |
_aMemo y Leo / _cTomie de Paola ; tr. Elena Iribarren. |
| 260 |
_aCaracas : _bEkaré, _cc1998. |
||
| 300 |
_a[29] p. : _bprincipalmente il. col. |
||
| 440 | 0 | _aPonte Poronte | |
| 650 | 4 |
_aCuentos infantiles _96744 |
|
| 905 | _aInfantil | ||
| 999 |
_c128742 _d128742 |
||